Měnový kurz v mezinárodním podnikání
Saved in:
| Main Author: | |
|---|---|
| Corporate Author: | |
| Format: | Book |
| Language: | Czech |
| Published: |
Praha
Oeconomica, Nakladatelství VŠE
2007
|
| Subjects: | |
| Tags: |
No Tags, Be the first to tag this record!
|
MARC
| LEADER | 00000nam$a2200000$$$4500 | ||
|---|---|---|---|
| 001 | 0076210 | ||
| 005 | 20240311130506.1 | ||
| 020 | |a 978-80-245-1165-8 | ||
| 041 | 0 | |a cze | |
| 044 | |a CZ | ||
| 245 | 1 | 0 | |a Měnový kurz v mezinárodním podnikání |c Josef Taušer |
| 264 | 1 | |a Praha |b Oeconomica, Nakladatelství VŠE |c 2007 | |
| 300 | |a 162 s. | ||
| 610 | 2 | 0 | |a kurz menový |
| 610 | 2 | 0 | |a podnikanie medzinárodné |
| 610 | 2 | 0 | |a trh menový |
| 610 | 2 | 0 | |a riziko kurzové |
| 610 | 2 | 0 | |a financie medzinárodné |
| 610 | 2 | 0 | |a parita sily kúpnej |
| 610 | 2 | 0 | |a diferenciácia úroková |
| 610 | 2 | 0 | |a modely |
| 100 | 1 | |a Taušer, Josef | |
| 710 | 2 | |a Vysoká škola ekonomická v Praze. Fakulta mezinárodních vztahů | |